Propuesta de áreas de protección marinas y costeras en la Provincia de Cauquenes, VII Región del Maule /

Hay necesidad de establecer nuevas "Áreas silvestres protegidas" en el litoral, borde costero y Cordillera de la Costa de la provincia de Cauquenes, con identificación de áreas de fragilidad ambiental en el sector costero de ellas. Es conveniente implementar algún tipo de unidad de manejo como "Parq...

Full description

Bibliographic Details
Main Author: Castillo Paul, Óscar Ignacio
Format: Analitica de revista
Language:Spanish
Published: Santiago, Chile Pontificia Universidad Católica de Chile 2001
Subjects:

MARC

LEADER 00000cab a2200000 a 4500
001 040585
003 UAHC_CL
005 20170803124456.0
008 051006b xx j 000 1 spa
040 |a UAHC_CL  |c UAHC_CL  |d UAHC_CL 
100 1 |a Castillo Paul, Óscar Ignacio 
245 1 0 |a Propuesta de áreas de protección marinas y costeras en la Provincia de Cauquenes, VII Región del Maule /  |c Óscar Ignacio Castillo Paul. 
260 |b Pontificia Universidad Católica de Chile  |c 2001  |a Santiago, Chile 
300 |a pp. 25-34 
500 |a En: Revista de geografía norte grande, n˚28, 2001. pp.25-34. ISSN 0379-8682 
500 |a En: Revista de geografía norte grande, n°28, 2001. pp.25-34. ISSN 0379-8682 
500 |a En: Revista de geografÌa norte grande, nç28, 2001. pp.25-34. ISSN 0379-8682 
520 |a Hay necesidad de establecer nuevas "Áreas silvestres protegidas" en el litoral, borde costero y Cordillera de la Costa de la provincia de Cauquenes, con identificación de áreas de fragilidad ambiental en el sector costero de ellas. Es conveniente implementar algún tipo de unidad de manejo como "Parque Marino", "Área de Protección", y/o "Santuario de la naturaleza", en el espacio geográfico comprendido entre Punta Santa Ana (sector Faro Carranza) -por el norte- y valle del estero Chovellén -por el sur-, para salvaguardar los ecosistemas naturales existentes.\Es necesaria la creación de "Áreas Silvestres Protegidas" en sectores correspondientes al borde costero y al "Mar Territorial". El estudio intenta crear conciencia en la comunidad nacional a través de los distintos organismos gubernamentales del país que se preocupan del medio ambiente. 
520 |a Hay necesidad de establecer nuevas "Áreas silvestres protegidas" en el litoral, borde costero y Cordillera de la Costa de la provincia de Cauquenes, con identificación de áreas de fragilidad ambiental en el sector costero de ellas. Es conveniente implementar algún tipo de unidad de manejo como "Parque Marino", "Área de Protección", y/o "Santuario de la naturaleza", en el espacio geográfico comprendido entre Punta Santa Ana (sector Faro Carranza) -por el norte- y valle del estero Chovellén -por el sur-, para salvaguardar los ecosistemas naturales existentes.\Es necesaria la creación de "Áreas Silvestres Protegidas" en sectores correspondientes al borde costero y al "Mar Territorial". El estudio intenta crear conciencia en la comunidad nacional a través de los distintos organismos gubernamentales del país que se preocupan del medio ambiente. 
520 |a Hay necesidad de establecer nuevas "¡reas silvestres protegidas" en el litoral, borde costero y Cordillera de la Costa de la provincia de Cauquenes, con identificaciÛn de ·reas de fragilidad ambiental en el sector costero de ellas. Es conveniente implementar algún tipo de unidad de manejo como "Parque Marino", "¡rea de ProtecciÛn", y/o "Santuario de la naturaleza", en el espacio geogr·fico comprendido entre Punta Santa Ana (sector Faro Carranza) -por el norte- y valle del estero ChovellÈn -por el sur-, para salvaguardar los ecosistemas naturales existentes.\Es necesaria la creaciÛn de "¡reas Silvestres Protegidas" en sectores correspondientes al borde costero y al "Mar Territorial". El estudio intenta crear conciencia en la comunidad nacional a travÈs de los distintos organismos gubernamentales del paÌs que se preocupan del medio ambiente. 
650 4 |a AREAS MARINAS PROTEGIDAS 
650 4 |a GEOGRAFIA DEL LITORAL 
650 4 |a AREAS SILVESTRES PROTEGIDAS 
759 |a PP115 
773 0 |t Revista de geografía norte grande  |w 040513 
900 |a REV. GEOGR. NORTE GD.-28/01 
942 |c REVA 
952 |0 0  |1 0  |4 0  |6 REV___GEOGR__NORTE_GD_28_01_000000000000000  |7 0  |8 General  |9 76350  |a BC  |b BC  |c General  |d 2017-08-03  |l 0  |o REV. GEOGR. NORTE GD.-28/01  |p FICTICIO6316  |r 2019-01-08 00:00:00  |t 1  |w 2017-08-03  |y REVA 
999 |c 40585  |d 40585